000 00741nam a2200253Ia 4500
003 OSt
005 20221005084819.0
006 a|||||r|||| 00| 0
007 ta
008 221004b |||||||| |||| 00| 0 eng d
024 _a62539
037 _cTextual
040 _aCRL
_cCRL
_beng
041 _2eng
_aeng
082 _aV2,4N51.N7, N0-;1
100 _aGraham B D
245 0 _aHindu nationalism and Indian politics
_b The origins and development of the Bharatiya Jana Sangh.
260 _aNew York
_bCambridge Univ Press
_c1990
300 _a283p.
_ccm.
490 _aCambridge South Asian Studies; 47
650 _aHISTORY
942 _hV2,4N51.N7, N0-;1
_cTEXL
_2cc
999 _c993147
_d993147